Životný cyklus rodinných podnikov

Zohľadnenie fázy životného cyklu podniku pri definovaní rodinného podniku. Špecifikácia životného cyklu rodinných podnikov. Kríza v životnom cykle rodinného podniku. Medzigeneračný transfer v rodinnom podniku. Model rastových kríz rodinného podniku.

Gespeichert in:
Bibliographische Detailangaben
1. Verfasser: Kinčáková, Michaela
Format: Buchkapitel
Sprache:Slowakisch
Schlagworte:
Tags: Tag hinzufügen
Keine Tags, Fügen Sie das erste Tag hinzu!

MARC

LEADER 00000nla a2200000 4500
001 0162939
005 20240502072825.5
041 0 |a slo 
044 |a SK 
245 1 0 |a Životný cyklus rodinných podnikov  |c Michaela Kinčáková 
520 |a Zohľadnenie fázy životného cyklu podniku pri definovaní rodinného podniku. Špecifikácia životného cyklu rodinných podnikov. Kríza v životnom cykle rodinného podniku. Medzigeneračný transfer v rodinnom podniku. Model rastových kríz rodinného podniku. 
610 2 0 |a podnikanie rodinné 
610 2 0 |a podnik rodinný 
610 2 0 |a riadenie podnikové 
610 2 0 |a rodina 
610 2 0 |a generácie 
610 2 0 |a cyklus podniku životný 
610 2 0 |a kríza 
100 1 |a Kinčáková, Michaela